Statistiques concernant Smash bros ultimate top 100 joueurs Mi-2023

Cliquez ici pour prendre le quiz!

Statistiques générales

  • Ce quiz a été pris 125 fois
  • Le résultat moyen est 31 sur 100

Statistiques - réponses

PaysJoueurs% Correct
1JaponAcola
98%
7MexiqueMKleo
97%
11FranceGlutonny
95%
6USALight
92%
4République dominicaineSonix
90%
2MexiqueSparg0
90%
5USATweek
90%
3JaponMiya
86%
8CanadaRiddles
84%
29CanadaBig D
79%
26Royaume-UniBloom4eva
79%
28EspagneSisqui
79%
14JaponTea
75%
10JaponYoshidora
70%
13USAZomba
70%
18MexiqueMaister
68%
21JaponKen
63%
23MexiqueSkyjay
63%
12JaponKameme
57%
20USAKurama
57%
16USAMuteAce
56%
9JaponShuton
54%
68AllemagnequiK
52%
24USADabuz
51%
82EspagneAndresFn
49%
38USAApolloKage
49%
59GuatemalaShinyMark
49%
17JaponZackray
49%
51USACosmos
48%
32CanadaOuch!?
43%
53USAKola
41%
37MexiqueMKBigBoss
41%
15JaponAsimo
40%
71USABassMage
40%
47CanadaLuugi
40%
30USAOnin
40%
31JaponHero
37%
25JaponJogibu
37%
34USAMarss
37%
22JaponGackt
35%
62JaponHurt
35%
33JaponNeo
32%
19JaponYaura
32%
74USALui$
30%
40JaponUmeki
30%
72République dominicaineCapitancito
29%
36JaponHikaru
27%
45USAJakal
27%
42USALima
25%
46JaponTakera
22%
70USATilde
22%
50JaponAtelier
21%
27JaponDIO
17%
63JaponKaninabe
17%
54JaponKome
17%
55JaponMASA
17%
81USAAaron
16%
41USAChase
14%
56JaponNao
14%
67JaponPaseriman
14%
87JaponShirayuki
14%
60JaponSigma
13%
100USAWrath
13%
61CanadaArmadillo
11%
43JaponDoramigi
11%
49JaponRizeasu
11%
75JaponLv.1
10%
96USAGoblin
8%
35JaponJagaimo
8%
58JaponRon
8%
80JaponSnow
8%
91JaponAbadango
6%
92JaponAkakikusu
6%
52JaponEim
6%
97USAJahzz0
6%
48USAQuidd
6%
86JaponSenra
6%
69JaponTaikei
6%
89JaponToriguri
6%
44JaponTsubaki
6%
93MexiqueAndrik
5%
64JaponKaraage
5%
39JaponMasha
5%
65JaponNoi
5%
98USAJDV
3%
79JaponShowers
3%
94JaponEzs
2%
95JaponFui
2%
73JaponHuto
2%
83JaponOi, george
2%
77USAQuandale Dinglelingleton
2%
57JaponRarukun
2%
78JaponRepo
2%
85japonRyuoh
2%
99JaponSuinoko
2%
90JaponYamanaction
2%
76JaponM0tsunabE
0%
66JaponOmuatsu
0%
84USARiku
0%
88Japonsssr
0%

Distribution des résultats

Percentile par nombre de réponses

% des personnes avec chaque résultat

Votre développement - résultats

Vous n’avez pas pris ce quiz